000 01557nam a2200385 a 4500
999 _c117250
_d117250
003 BLK
005 20230801120854.0
008 180409b bul|||||r ||||||| ||bul||
010 _aKNG00122836000
040 _aBLK
041 _aBUL
_cBUL
080 _aМузиканти-творци, композитори
_b78.071.1
_x(497.2)(092)
_z78.071.1(497.2)(092)
080 _aБългарски композитор
_b929 Ненов, Димитър Стефанов
_z929 Ненов, Димитър Стефанов
139 _aДимитър Ненов
_bН 55
245 1 0 _aДимитър Ненов
_bспомени и материали
_cсъстав. Лазар Костов Николов.
257 _aBGR
260 _aСофия
_bНаука и изкуство
_c1969
300 _a284 с.
_bс ноти, 1 л. портр.
_c20 см
380 _a7
600 1 4 _aНенов, Димитър Стефанов
_9310029
650 4 _aКомпозитори, български - биографии
_9261390
651 4 _aБългария
_9241624
653 _aкомпозитори
653 _aбиографии
653 _aБългария
653 _aДимитър Ненов
700 _aНиколов, Лазар Костов
_d1922-2005
_9388913
852 _aЦб 49031
856 4 _qpdf
_i0.00
_ldisable
856 4 _qpdf
_i0.00
_ldisable
942 _cKNG
_n0
_s1
944 _aCR
_c13.04.2011
_lТеодора Пейчева-Дянкова
_k30556
944 _aED
_c2023-04-28
_l2023-04-28
_kир
999 _d117250